000 00433nam a2200181Ia 4500
001 11665
005 20260306162844.0
008 260306t1950||||xx |||||||||||||| ||spa||
041 _aESP
082 _a986.2
_bC51
100 _aChaves, Julio César
_eAUT
245 0 _aSan Martín y Bolívar en Guayaquil
260 _c1950
300 _a272 páginas :
_c18 cm.
650 _aGEN
654 _aCHU
942 _cLIB
_dJUS
_fJUS
_2ddc
_n
999 _c11665
_d11665